Slovenská próza.../inc./

Bibliographic Details
Main Authors: (bt) (Author), Dvořáková, Helena, 1943- (Author)
Format: Article
Language:Slovak
PhysicalDescription:Fot. 1.
Subjects:

MARC

LEADER 00000nab a2200000 a 4500
001 vtls000317367
003 SK-MaSNL
005 20260305024224.0
008 111201c1978 xo 0 slo
015 |a SNBRB19rr/mm-uuuuu 
035 |a CL0007459 
040 |a SNKBUCL  |b slo  |c SNKBUCL  |e AACR2 
041 0 |a slo 
044 |a xo  |c SK 
080 |a 82.09:885.4-3(048)  |2 1981 
080 |a 885.4-3(048)  |2 1981 
100 1 |a (bt)  |4 aut  |9 838974 
245 1 0 |a Slovenská próza.../inc./  |c (bt) ; Helena Dvořáková 
300 |b Fot. 1. 
600 1 7 |a Dvořáková, Helena,  |d 1943-  |2 snkbucl  |9 105433 
650 0 7 |a novely ženské  |2 snkbucl  |9 1006282 
650 0 7 |a umelci  |2 snkbucl  |9 2894 
650 0 7 |a výtvarníčky  |2 snkbucl  |9 31075 
650 0 7 |a mestá  |2 snkbucl  |9 2929 
655 7 |a články z novín a časopisov  |2 snkbucl  |9 267496 
655 7 |a články z odboru literárna veda a krásna literatúra  |2 snkbucl  |9 770045 
700 1 |a Dvořáková, Helena,  |d 1943-  |4 aut  |9 105433 
773 0 |t Hlas ľudu  |g Roč. 24, č. 81 (6. 4. 1978), s. 7 
787 0 8 |i Rec.:  |a Dvořáková, Helena  |t Fúkni do púpavy  |d Bratislava : Pravda, 1978 
850 |a Slovenská národná knižnica v Martine  |a MTA001 
852 |a SNK  |b KIS3GCP 
958 |a RK 
958 |a LX 
992 |a RBX 
999 |c 3301117  |d 3303047